[Event "FIDE-Online-Steinitz-Memorial-Women"]
[Site "Internet"]
[Date "2020.05.15"]
[Round "2"]
[White "Tan, Zhongyi"]
[Black "Khademalsharieh, Sarasadat"]
[Result "1-0"]
[WhiteElo "2510"]
[BlackElo "2431"]
[Annotator "TA"]
[PlyCount "99"]
[EventDate "2020.05.15"]
[EventType "tourn"]
[SourceTitle "playchess.com"]
[Source "ChessBase"]
[SourceQuality "1"]

{[%evp 28,99,16,9,4,9,14,13,13,6,6,0,0,5,72,47,116,85,149,145,150,123,157,155,339,335,325,223,243,240,230,230,256,255,253,222,198,198,198,198,197,190,343,343,342,309,323,304,297,270,996,989,966,913,891,830,1337,1320,1762,1641,1511,1479,2100,2100,6736,11099,5631,4816,29984,29985,29985,29986,29984,29983]} 1. d4 Nf6 2. c4 e6 3. Nc3 Bb4 4. Qc2 O-O 5. a3 Bxc3+ 6. Qxc3 b6 7. Bg5 Bb7 8. f3 h6 9. Bh4 d5 10. e3 Nbd7 11. cxd5 Nxd5 12. Bxd8 Nxc3 13. Bh4 Nd5 14. Bf2 c5 15. Bb5 Rfd8 {E32: Nimzo-Indian: Classical (4 Qc2): 4...0-0.} 16. Ne2 cxd4 17. Nxd4 a6 {The position is equal.} 18. Be2 Nc5 19. O-O e5 20. Nf5 {[#]} e4 $146 (20... Bc8 $11 21. Ng3 Be6) ({Predecessor:} 20... Bc8 21. Ng3 Be6 22. Rad1 Nb3 23. e4 Nf4 24. Bxb6 Nxe2+ 25. Nxe2 Rd2 26. Rxd2 Nxd2 27. Rf2 Rb8 {½-½ (27) Kamanel Zamora,J (2273)-Ottesen,S (2370) ICCF email 2016}) 21. Rac1 Nb3 (21... Bc8 $14 22. Nd4 Bb7) 22. Rc2 Rac8 (22... Rd7 $142) 23. Rxc8 $16 Bxc8 24. fxe4 {[#] Rd1 is the strong threat.} Bxf5 25. exf5 {Strongly threatening Rd1.} b5 $2 (25... Nf6 $16 {was worth a try.} 26. Rd1 (26. Bxa6 Nc5 $16) 26... Rxd1+ 27. Bxd1 Nc5) 26. Rd1 $18 Rd7 27. Bf3 Nf6 28. Rxd7 Nxd7 {[%mdl 4096] Endgame KBB-KNN} 29. Bd5 Nc1 30. e4 Nd3 31. Bd4 Kf8 32. Kf1 f6 33. g3 Ke7 34. Ke2 N3c5 $2 (34... N3e5 {was necessary.} 35. b4 Kd8) 35. b4 Na4 36. Kd3 Kd6 37. Bb7 Nb8 38. Ba7 Kc7 $2 (38... Nd7 39. Be3 (39. Bxa6 Ne5+ 40. Ke2 Kc6 $18) 39... Kc7) 39. Bxb8+ Kxb7 {KB-KN} 40. Bd6 Nb2+ 41. Kc3 Nd1+ 42. Kd4 Nf2 43. Bf8 Ng4 44. Bxg7 Nxh2 45. Bxf6 h5 46. e5 Kc6 47. e6 Kd6 48. Be5+ {White mates.} Ke7 49. Kd5 Ng4 {[#]} 50. f6+ $1 {Black got outplayed after the opening. Accuracy: White = 85%, Black = 38%.} 1-0

[Event "FIDE-Online-Steinitz-Memorial-Women"]
[Site "Internet"]
[Date "2020.05.15"]
[Round "2"]
[White "Stefanova, Antoaneta"]
[Black "Cori T., Deysi"]
[Result "1-0"]
[WhiteElo "2485"]
[BlackElo "2391"]
[Annotator "RC"]
[PlyCount "137"]
[EventDate "2020.05.15"]
[EventType "tourn"]
[SourceTitle "playchess.com"]
[Source "ChessBase"]
[SourceQuality "1"]
[TimeControl "180+2"]

1. d4 Nf6 2. Nf3 {[%emt 0:00:06]} e6 {[%emt 0:00:04]} 3. e3 {[%emt 0:00:02]} b6 {[%emt 0:00:03]} 4. Bd3 {[%emt 0:00:02]} Bb7 {[%emt 0:00:01]} 5. O-O {[%emt 0:00:02]} d5 {[%emt 0:00:03]} 6. c4 {[%emt 0:00:01]} Nbd7 {[%emt 0:00:02]} 7. cxd5 {[%emt 0:00:07]} exd5 {[%emt 0:00:02]} 8. Ne5 {[%emt 0:00:01]} Bd6 {[%emt 0:00:04]} 9. f4 {[%emt 0:00:01]} c5 {[%emt 0:00:01]} 10. Nc3 {[%emt 0:00:02]} O-O {[%emt 0:00:02]} 11. Qf3 {[%emt 0:00:02]} Qe7 {[%emt 0:00:20]} 12. Bd2 {[%emt 0:00:05]} Rac8 {[%emt 0:00:19]} 13. Be1 {[%emt 0:00:11]} cxd4 {[%emt 0:00:25]} 14. exd4 {[%emt 0:00:02]} Ne4 {[%emt 0:00:24]} 15. Nxe4 {[%emt 0:00:19]} dxe4 {[%emt 0:00:02]} 16. Bxe4 {[%emt 0:00:05]} Bxe4 {[%emt 0:00:02]} 17. Qxe4 {[%emt 0:00:01]} Nf6 {[%emt 0:00:02]} 18. Qf3 {[%emt 0:00:19]} Qe6 {[%emt 0:00:15]} 19. Bh4 {[%emt 0:00:09]} Bxe5 {[%emt 0:00:09]} 20. dxe5 {[%emt 0:00:06]} Nd5 {[%emt 0:00:02]} 21. Rae1 {[%emt 0:00:06]} Rc4 {[%emt 0:00:17]} 22. f5 {[%emt 0:00:08]} Qc6 {[%emt 0:00:04]} 23. Bg3 {[%emt 0:00:02]} Nb4 {[%emt 0:00:12]} 24. Qxc6 {[%emt 0:00:08]} Rxc6 {[%emt 0:00:01]} 25. a3 {[%emt 0:00:02]} Nd3 {[%emt 0:00:02]} 26. Re2 {[%emt 0:00:01]} Re8 {[%emt 0:00:01]} 27. Rd1 {[%emt 0:00:09]} Nc5 {[%emt 0:00:03]} 28. h3 {[%emt 0:00:14]} h5 {[%emt 0:00:04]} 29. b4 {[%emt 0:00:04]} Na4 {[%emt 0:00:02]} 30. Rd7 {[%emt 0:00:02]} a5 {[%emt 0:00:03]} 31. bxa5 {[%emt 0:00:03]} bxa5 {[%emt 0:00:02]} 32. Ra7 {[%emt 0:00:02]} Rc1+ {[%emt 0:00:09]} 33. Kh2 {[%emt 0:00:02]} Nc3 {[%emt 0:00:02]} 34. Re3 {[%emt 0:00:06]} Nb5 {[%emt 0:00:28]} 35. Rxa5 {[%emt 0:00:05]} Nd4 {[%emt 0:00:01]} 36. e6 {[%emt 0:00:14]} fxe6 {[%emt 0:00:05]} 37. fxe6 {[%emt 0:00:01]} Nxe6 {[%emt 0:00:03]} 38. Rxh5 {[%emt 0:00:05]} Kf7 {[%emt 0:00:05]} 39. Rf5+ {[%emt 0:00:02]} Kg6 {[%emt 0:00:01]} 40. Rfe5 {[%emt 0:00:02]} Kf6 {[%emt 0:00:04]} 41. Bh4+ {[%emt 0:00:05]} Kf7 {[%emt 0:00:02]} 42. a4 {[%emt 0:00:02]} Rc4 {[%emt 0:00:03]} 43. R5e4 {[%emt 0:00:05]} Rxe4 {[%emt 0:00:01]} 44. Rxe4 {[%emt 0:00:01]} Ra8 {[%emt 0:00:01]} 45. Be1 {[%emt 0:00:03]} Nc5 {[%emt 0:00:03]} 46. Rf4+ {[%emt 0:00:01]} Ke6 {[%emt 0:00:03]} 47. a5 {[%emt 0:00:02]} Nd3 {[%emt 0:00:01]} 48. Rf1 {[%emt 0:00:07]} g6 {[%emt 0:00:06]} 49. Bd2 {[%emt 0:00:03]} Ne5 {[%emt 0:00:02]} 50. Ra1 {[%emt 0:00:02]} Ra6 {[%emt 0:00:01]} 51. Bc3 {[%emt 0:00:02]} Nc4 {[%emt 0:00:01]} 52. g4 {[%emt 0:00:02]} Kd5 {[%emt 0:00:02]} 53. Kg3 {[%emt 0:00:03]} Ke4 {[%emt 0:00:01]} 54. h4 {[%emt 0:00:02]} Ne3 {[%emt 0:00:01]} 55. Rb1 {[%emt 0:00:14]} Kd3 {[%emt 0:00:02]} 56. Be1 {[%emt 0:00:03]} Rf6 {[%emt 0:00:01]} 57. Bf2 {[%emt 0:00:06]} Nxg4 {[%emt 0:00:04]} 58. Kxg4 {[%emt 0:00:02]} Rxf2 {[%emt 0:00:02]} 59. Ra1 {[%emt 0:00:02]} Rg2+ {[%emt 0:00:04]} 60. Kf4 {[%emt 0:00:02]} Rh2 {[%emt 0:00:02]} 61. Kg5 {[%emt 0:00:03]} Rg2+ {[%emt 0:00:01]} 62. Kf4 {[%emt 0:00:03]} Rh2 {[%emt 0:00:02]} 63. Kg3 {[%emt 0:00:02]} Rc2 {[%emt 0:00:01]} 64. a6 {[%emt 0:00:02]} Rc8 {[%emt 0:00:01]} 65. a7 {[%emt 0:00:01]} Ra8 {[%emt 0:00:01]} 66. Kg4 {[%emt 0:00:01]} Kc3 {[%emt 0:00:03]} 67. Kg5 {[%emt 0:00:02]} Kb2 {[%emt 0:00:00]} 68. Ra6 {[%emt 0:00:02]} Kb3 {[%emt 0:00:02]} 69. Kxg6 {[%emt 0:00:01]} 1-0

[Event "FIDE-Online-Steinitz-Memorial-Women"]
[Site "Internet"]
[Date "2020.05.15"]
[Round "2"]
[White "Sebag, Marie"]
[Black "Lei, Tingjie"]
[Result "0-1"]
[WhiteElo "2482"]
[BlackElo "2530"]
[Annotator "TA"]
[PlyCount "164"]
[EventDate "2020.05.15"]
[EventType "tourn"]
[SourceTitle "playchess.com"]
[Source "ChessBase"]
[SourceQuality "1"]

{[%evp 11,164,10,10,11,9,0,0,0,6,6,6,6,39,-10,3,14,33,12,9,-10,0,-5,12,0,0,0,29,0,51,15,33,0,4,3,33,36,37,31,55,49,55,56,64,13,14,7,11,0,104,104,62,0,0,0,0,0,24,0,4,0,0,0,8,6,6,0,0,0,0,0,0,-8,-5,-62,-54,-78,0,-6,-5,-95,-5,-5,-5,-5,-5,-5,-5,-12,0,-4,0,-5,-5,-5,-5,-5,-5,-5,-5,-5,-5,-12,-5,-5,-5,-5,-5,-5,-5,-5,-5,-5,-5,-5,0,-12,-12,-12,-12,-12,-8,-578,-347,-29965,-29966,-29965,-29966,-29964,-29968,-29972,-29969,-29963,-10967,-29964,-29961,-29979,-29982,-29982,-29983,-29986,-29987,-29987,-29988,-29988,-29986,-29986,-29984,-29984,-29985,-29995,-29996,-29996,-29995,-29996,-29997]} 1. e4 e5 2. Nf3 Nc6 3. Bb5 Nf6 4. d3 Bc5 5. O-O Nd4 6. Nxd4 Bxd4 7. c3 {C65: Ruy Lopez: Berlin Defence (3...Nf6), unusual lines and 4 0-0 Bc5.} Bb6 8. Nd2 {8.Ba4 gains popularity.} c6 9. Ba4 {The position is equal.} d6 10. Nc4 Bc7 {Strongly threatening ...b5.} 11. Bc2 h6 12. h3 {[#]} b5 $146 ({Predecessor:} 12... Be6 13. Ne3 d5 14. Qf3 Qd7 15. Ba4 O-O-O 16. Rd1 Qe7 17. Nf5 Bxf5 18. Qxf5+ Kb8 {1-0 (53) Droin,A (2088)-Emmenecker,P (1950) Hyeres 2019}) 13. Ne3 Rb8 14. Qf3 O-O 15. Nf5 Bxf5 16. Qxf5 Qe7 17. Re1 Bb6 18. a4 a6 19. Qf3 Nh7 (19... b4 $11) 20. Bb3 Kh8 21. Be3 Bxe3 22. Qxe3 Ng5 23. axb5 axb5 24. Ra7 $36 {[%mdl 2048] White is pushing.} Rb7 25. Rea1 Rfb8 26. Rxb7 Rxb7 27. Ra8+ (27. Ra6 $14) 27... Kh7 $11 28. h4 Ne6 29. Qh3 Qf6 (29... b4 $11 30. Bxe6 fxe6) 30. Bxe6 $16 fxe6 {[%mdl 4096] Endgame KQR-KQR} 31. Rc8 (31. h5 $14) 31... b4 $11 32. Qg3 bxc3 33. bxc3 c5 34. h5 Rb3 35. c4 Qg5 36. Qf3 Qf4 37. Qxf4 exf4 {KR-KR} 38. Re8 e5 39. Kh2 Rxd3 40. f3 Rd4 41. Re6 Kg8 42. Kh3 ({Better is} 42. Rg6 $11) 42... Kf7 $15 43. Rg6 Rd2 (43... Rxc4 $17 44. Rxd6 Rc2) 44. Kh2 Rd1 45. g3 (45. Kh3 $11) 45... Rd2+ (45... fxg3+ $1 $17 46. Kg2 Kg8) 46. Kh3 $11 fxg3 47. Kxg3 Rd1 {...Rg1+ is the strong threat.} 48. Kf2 Rd4 49. Ke3 Rd1 50. Ke2 Rd4 (50... Rc1 {seems wilder.} 51. Rxd6 Rxc4 52. Rd7+ Kf6 53. Rc7 Rc2+) 51. Ke3 Rxc4 {White must now prevent ...Rd4.} 52. Rxd6 Rc1 53. Rd7+ Kf6 54. Rd6+ Ke7 55. Rg6 Kf7 56. Rc6 Rh1 57. Rxc5 Rxh5 58. Rc7+ Kg8 59. Kf2 Rg5 60. Rc8+ Kh7 61. Rc5 Kg6 62. Rc6+ Kh7 63. Re6 h5 64. Rc6 h4 65. Rc1 Kh6 66. Rh1 $2 {[%mdl 8192] This move loses the game for White.} (66. Rc8 $11 {and White is okay.}) 66... Kh5 $19 67. f4 $2 (67. Rh3 $19) 67... exf4 68. Kf3 Rg3+ 69. Kxf4 g5+ 70. Kf5 h3 71. e5 g4 (71... Rf3+ $142 72. Ke4 g4 73. e6 Rf2 74. Re1 h2 75. e7 {[#]} Re2+ $1 {[%mdl 576] Deflection, Promotion} 76. Rxe2 h1=Q+ 77. Kd4 Qd1+ 78. Ke3 Qb3+ 79. Kd2 Qb2+ 80. Ke1 Qb1+ 81. Kf2 g3+ $1 {[%mdl 576] Decoy} 82. Kxg3 Qg6+ 83. Kf4 Qg4+ 84. Ke3 Qc8 85. Kf3 Qh3+ 86. Kf2 Qf5+ 87. Ke1 Qa5+ 88. Kf2 Qc5+ 89. Kf1 Qc1+ 90. Kf2 Qc5+ 91. Kf1 Qc1+ 92. Kf2 Qc5+) 72. e6 Re3 {Black mates.} 73. Kf6 Kh4 74. e7 g3 75. Kf7 g2 76. Rc1 h2 77. Rc4+ Kg3 78. Rc3 Rxc3 79. e8=Q Rf3+ 80. Kg6 g1=Q 81. Qe5+ Rf4 82. Kg5 Kf3+ {Accuracy: White = 75%, Black = 84%.} 0-1

[Event "FIDE-Online-Steinitz-Memorial-Women"]
[Site "Internet"]
[Date "2020.05.15"]
[Round "3"]
[White "Lei, Tingjie"]
[Black "Tan, Zhongyi"]
[Result "0-1"]
[WhiteElo "2530"]
[BlackElo "2510"]
[Annotator "TA"]
[PlyCount "98"]
[EventDate "2020.05.15"]
[EventType "tourn"]
[SourceTitle "playchess.com"]
[Source "ChessBase"]
[SourceQuality "1"]

{[%evp 18,98,18,13,34,33,66,63,64,62,58,49,70,66,80,47,134,129,138,141,138,131,168,152,199,145,142,145,161,154,182,168,164,161,172,179,179,170,169,138,138,131,133,122,146,139,155,148,148,125,125,25,79,68,41,26,30,9,22,0,8,8,8,8,8,8,8,-25,-24,-25,-8,-9,-13,-62,-56,-53,0,-211,-8,-328,-27,-27,0]} 1. e4 e5 2. Nf3 Nc6 3. Bc4 Nf6 4. d3 Bc5 5. c3 d6 6. O-O a6 7. Bb3 Ba7 8. Nbd2 {[%cal Bb1d2,Bd2f1,Bf1g3][%mdl 32]} O-O 9. h3 h6 10. Re1 Kh8 {C54: Giuoco Piano: 4 c3 Nf6, main lines with 5 d4 and 5 d3.} 11. Nf1 Ne7 {[%cal Bc6e7,Be7g6,Bg6f4][%mdl 32]} 12. Ng3 Ng6 {White is slightly better.} 13. d4 Be6 14. Bc2 c6 15. Be3 {[#]} Qc7 $146 ({Predecessor:} 15... Ng8 16. Nf5 Bb8 17. Qd2 Bc7 18. Rad1 Qf6 19. Nh2 N6e7 20. g4 Rad8 21. f4 Bxf5 22. exf5 exf4 23. Bxf4 {1-0 (32) Saric,I (2576)-Medancic,R (2238) Pula 2009}) 16. Nf5 (16. a4 {is interesting.} Bb6 17. Qd2 Rg8 18. Rad1 Rad8 19. Rb1) 16... Bxf5 ({Better is} 16... exd4 $14 17. N3xd4 (17. N5xd4 Bd7 $14) (17. Bxd4 Bxd4 18. Qxd4 Bxf5 $11) (17. cxd4 Bxf5 18. exf5 Ne7 $11) 17... Bxf5 18. Nxf5 (18. exf5 Ne7 $11) 18... Bxe3 19. Rxe3 Rad8) 17. exf5 $16 Nf4 18. dxe5 dxe5 19. Bxa7 {[#] Black must now prevent Bc5.} Rxa7 20. Nxe5 {aiming for Qd4.} Raa8 21. Qf3 (21. c4 $18) 21... N4d5 22. Re2 Rad8 23. Rae1 b5 24. a3 Kg8 25. Bb3 Rfe8 26. c4 bxc4 27. Bxc4 ({Resist} 27. Nxc4 $6 Rxe2 28. Qxe2 (28. Rxe2 Nf4 $14) 28... Re8 $16) 27... a5 28. g3 Re7 29. Ng4 Rxe2 30. Rxe2 Qd6 31. Kg2 Qc5 32. Nxf6+ Nxf6 33. b3 a4 34. Qf4 (34. Qe3 $16 Qxe3 35. Rxe3) 34... axb3 (34... Nd5 $1 $11 35. Qf3 Qxa3) 35. Bxb3 Qxa3 36. Qc4 Rd7 37. Re3 {Strongly threatening Qxf7+!} Qd6 38. Re1 (38. Rc3 {seems wilder.} Rc7 39. Rd3 Qe7 40. Bd1 Qe5 41. Rd8+) 38... Qd5+ 39. Qxd5 cxd5 $11 {[%mdl 4096] Endgame KRB-KRN} 40. Rd1 Kf8 41. g4 Ke7 42. Kf3 Kd6 43. h4 {Threatening g5.} Rb7 44. Rd3 Rb5 45. g5 hxg5 46. hxg5 Ne4 ({Black should try} 46... Nd7 $15 47. Kg2 Ne5) 47. g6 $2 {[#]} (47. Bxd5 $11 Nxg5+ 48. Kg4 Rxd5 49. Rxd5+ Kxd5 50. Kxg5) 47... f6 $2 (47... fxg6 $1 $19 {Threatens to win with ...Rxb3!} 48. Ke3 gxf5) 48. Bc2 $2 {[%mdl 8192]} (48. Ke3 $11) 48... Ke5 $2 (48... Rb2 $19 49. Rxd5+ {[%mdl 64] Remove Defender} Kxd5 50. Bxe4+ Ke5) 49. Ra3 Rc5 {[%mdl 32768] White used his chance. Accuracy: White = 69%, Black = 62%. . Loss on time!?} 0-1

[Event "FIDE-Online-Steinitz-Memorial-Women"]
[Site "Internet"]
[Date "2020.05.15"]
[Round "3"]
[White "Khademalsharieh, Sarasadat"]
[Black "Lagno, Kateryna"]
[Result "1/2-1/2"]
[WhiteElo "2431"]
[BlackElo "2608"]
[Annotator "TA"]
[PlyCount "132"]
[EventDate "2020.05.15"]
[EventType "tourn"]
[SourceTitle "playchess.com"]
[Source "ChessBase"]
[SourceQuality "1"]

{[%evp 18,132,25,17,29,27,22,1,13,9,16,-1,0,-7,-12,0,-3,-31,-30,-18,-23,-80,-58,-114,-114,-96,-102,-144,-150,-147,-91,-91,-91,-93,-85,-202,-122,-231,-227,-358,-260,-322,-272,-413,-406,-375,-226,-383,-339,-464,-461,-1896,-431,-434,-421,-1745,-172,-138,-38,-172,-206,-323,-323,-322,-297,-380,-125,-234,-248,-510,-480,-564,-564,-545,-451,-445,-441,-399,-362,-529,-521,-472,-462,-443,-422,-697,-706,-1349,-1329,-1321,-1258,-1303,-1296,-1237,-1205,-907,-393,-768,-281,-281,-281,-252,-234,-1114,-1132,-1725,0,-29985,0,0,0,0,0,0,0,0,0]} 1. d4 Nf6 2. c4 g6 3. g3 Bg7 4. Bg2 O-O 5. Nc3 Nc6 6. Nf3 d5 7. cxd5 Nxd5 8. O-O Nb6 9. e3 Re8 10. Re1 a5 {D76: Fianchetto Grünfeld: Main Line with 7...Nb6.} 11. Qe2 e5 12. dxe5 Nxe5 13. Nxe5 Bxe5 14. Rd1 Qe7 15. Bd2 {[#]} a4 $146 ({Predecessor:} 15... c6 16. Be1 Be6 17. f4 Bg7 18. e4 a4 19. Bf2 Bc4 20. Qc2 Qb4 21. Rac1 Be6 {½-½ (40) Zakharchenko,A (2202)-Donegani,H (2111) Schwarzach 2011}) 16. Rac1 c6 17. Be1 (17. f4 $5 {[%cal Rf4e5]} Bd4 18. exd4 Qxe2 19. Nxe2 Rxe2 20. a3 $11) 17... Be6 18. f4 Bxc3 19. bxc3 (19. Bxc3 $11 Bd5 20. Re1) 19... Bd5 20. Bf2 (20. c4 $15 Bxg2 21. Qxg2) 20... Bxg2 $17 21. Kxg2 {and if e4 works, White does fine.} Nd5 22. Rd3 Qe4+ 23. Kg1 Qc4 (23... Rad8 $142 {Threatens to win with ...Nxf4.} 24. Rd2 Nf6) 24. Qd2 {With the idea Rd4.} Nf6 25. Rd4 Qe6 26. Qb2 (26. c4 $17 {might work better.}) 26... Ne4 27. a3 (27. c4 $17 {keeps fighting.}) 27... b5 $19 28. Re1 (28. Be1 {was necessary.}) 28... h5 29. Qc2 Rad8 30. Red1 (30. Qd3 $142 Rb8 31. Kg2) 30... Rxd4 31. exd4 h4 32. Re1 $2 (32. d5 cxd5 33. Re1) 32... h3 33. Re3 Qd5 34. Be1 (34. Qe2 $142 Re7 35. Qf3) 34... f5 (34... Kg7 $142 35. g4 Nd2 $1 {[%mdl 512]} 36. Re4 Rxe4 37. Qd3 Rxf4 38. Qxh3 Nf3+ 39. Qxf3 Qxf3 40. h4 Rxg4+ 41. Bg3 Rxg3+ 42. Kh2 Qg2#) 35. Qe2 Kf7 {White must now prevent ...Nxg3!} 36. g4 {[#]} (36. Qf1 $142) 36... fxg4 $2 (36... Ng3 $1 {[%mdl 512] ( -> ...Qh1+)} 37. Qf3 (37. Bxg3 Rxe3) 37... Rxe3 38. Qxd5+ cxd5 39. Bxg3 fxg4) 37. Qxg4 {[#]} Rh8 $40 {[%mdl 128] Black has some attack.} ({Black should try} 37... Nf6 $1 $17 {[%mdl 512]} 38. Qxh3 Rxe3 39. Qxe3 Qa2) 38. Rxh3 (38. Qe2 $1 $15 Re8 39. Qf1) 38... Nf6 39. Qg3 (39. Qf3 $142 Rxh3 40. Qxh3) 39... Re8 40. Bf2 {[#]} Re2 $1 41. Qf3 Qe6 $2 (41... Ra2 $19 {is more deadly.} 42. Qe3 Ra1+ 43. Be1 Rxa3) 42. Bh4 (42. d5 $17 {is a better defense.} cxd5 43. Rh8) 42... Ra2 43. Bxf6 $2 (43. f5 {was the only chance.} Qxf5 44. Bxf6 Qb1+ 45. Qf1 Qxf1+ 46. Kxf1 Kxf6 47. c4) 43... Kxf6 {[%mdl 4096] Endgame KQR-KQR} 44. Rg3 Qe1+ 45. Qf1 Qd2 {[%csl Ga2][%cal Rd2h2]} 46. Rg2 Qe3+ 47. Kh1 Rxg2 48. Qxg2 {KQ-KQ} (48. Kxg2 $142 Qxc3 49. Qe2 Qxd4 50. Qc2) 48... Qc1+ 49. Qg1 Qxc3 {Strongly threatening ...Qf3+.} 50. Qg5+ Kf7 51. Qe5 (51. f5 $142 Qf3+ 52. Kg1 gxf5 53. Qc1) 51... Qxa3 52. Qc7+ Qe7 53. Qxc6 a3 54. Qd5+ Qe6 55. Qb7+ Kf6 56. d5 Qe4+ 57. Kg1 Qb1+ $2 (57... b4 58. Qa6+ Kf5) 58. Kf2 Qb2+ 59. Kg3 Qb3+ 60. Kh4 $2 (60. Kg2) 60... a2 61. Qc6+ Kg7 $2 ({Black should play} 61... Kf5 $19 62. Qe6+ Kxf4 63. Qd6+ Kf5 64. Qe6+ Kf4 65. Qd6+ Ke4 66. Qxg6+ Kd4) 62. Qd7+ $2 {[%mdl 8192]} (62. Qc7+ $11 Kh8 63. Qe5+ Kg8 64. Qe6+ Kh7 65. Qf7+ Kh6 {[#]} 66. Qf6 $1 {[%mdl 512]}) 62... Kf8 $2 (62... Kh6 {mates} 63. Qe7 a1=Q 64. Qg5+ Kh7 65. Qe7+ Qg7 66. d6 Qf3 67. Qxg7+ Kxg7 68. d7 Qxf4+ {[%mdl 64] Double Attack} 69. Kh3 Qf5+ 70. Kh4 Qxd7 71. Kg3 b4 72. h4 b3 73. Kg2 b2 74. h5 b1=Q 75. h6+ Kxh6 76. Kf2 Qa2+ 77. Ke3 Qg2 78. Kf4 Qd4#) 63. Qd8+ {The position is equal.} Kf7 64. Qd7+ Kf8 65. Qd8+ Kf7 66. Qd7+ Kf8 {Accuracy: White = 34%, Black = 67%.} 1/2-1/2

[Event "FIDE-Online-Steinitz-Memorial-Women"]
[Site "Internet"]
[Date "2020.05.15"]
[Round "3"]
[White "Abdumalik, Zhansaya"]
[Black "Sebag, Marie"]
[Result "0-1"]
[WhiteElo "2409"]
[BlackElo "2482"]
[Annotator "ChessBase"]
[PlyCount "124"]
[EventDate "2020.05.15"]
[EventType "tourn"]
[SourceTitle "playchess.com"]
[Source "ChessBase"]
[SourceQuality "1"]
[TimeControl "180+2"]

1. e4 c5 2. Nf3 {[%emt 0:00:04]} d6 {[%emt 0:00:04]} 3. d4 {[%emt 0:00:01]} cxd4 {[%emt 0:00:01]} 4. Nxd4 {[%emt 0:00:00]} Nf6 {[%emt 0:00:01]} 5. Nc3 {[%emt 0:00:01]} a6 {[%emt 0:00:01]} 6. h3 {[%emt 0:00:01]} e5 {[%emt 0:00:01]} 7. Nde2 {[%emt 0:00:01]} h5 {[%emt 0:00:01]} 8. g3 {[%emt 0:00:01]} Be7 {[%emt 0:00:01]} 9. Bg2 {[%emt 0:00:02]} Nbd7 {[%emt 0:00:04]} 10. a4 {[%emt 0:00:03]} b6 {[%emt 0:00:01]} 11. O-O {[%emt 0:00:09]} Bb7 {[%emt 0:00:02]} 12. Bg5 {[%emt 0:00:10]} Rc8 {[%emt 0:00:02]} 13. Qd2 {[%emt 0:00:08]} O-O {[%emt 0:00:16]} 14. Rad1 {[%emt 0:00:05]} Qc7 {[%emt 0:00:01]} 15. Kh2 {[%emt 0:00:11]} Rfe8 {[%emt 0:00:22]} 16. f4 {[%emt 0:00:12]} b5 {[%emt 0:00:22]} 17. axb5 {[%emt 0:00:23]} axb5 {[%emt 0:00:01]} 18. Nxb5 {[%emt 0:00:14]} Qxc2 {[%emt 0:00:04]} 19. Nbc3 {[%emt 0:00:04]} Qxd2 {[%emt 0:00:23]} 20. Rxd2 {[%emt 0:00:02]} Rc4 {[%emt 0:00:02]} 21. fxe5 {[%emt 0:00:27]} dxe5 {[%emt 0:00:37]} 22. Rf5 {[%emt 0:00:26]} g6 {[%emt 0:00:35]} 23. Bxf6 {[%emt 0:00:12]} Nxf6 {[%emt 0:00:24]} 24. Rxe5 {[%emt 0:00:01]} Kf8 {[%emt 0:00:01]} 25. Nf4 {[%emt 0:00:05]} Rb4 {[%emt 0:00:03]} 26. Nfd5 {[%emt 0:00:19]} Nxd5 {[%emt 0:00:01]} 27. exd5 {[%emt 0:00:02]} Bd6 {[%emt 0:00:02]} 28. Rxe8+ {[%emt 0:00:04]} Kxe8 {[%emt 0:00:01]} 29. Ne4 {[%emt 0:00:00]} Be5 {[%emt 0:00:02]} 30. h4 {[%emt 0:00:07]} Kd8 {[%emt 0:00:03]} 31. Nc5 {[%emt 0:00:02]} Bc8 {[%emt 0:00:03]} 32. b3 {[%emt 0:00:04]} Bd6 {[%emt 0:00:02]} 33. Ne4 {[%emt 0:00:03]} Be5 {[%emt 0:00:01]} 34. Rf2 {[%emt 0:00:05]} Bf5 {[%emt 0:00:01]} 35. Re2 {[%emt 0:00:05]} Rd4 {[%emt 0:00:03]} 36. Ng5 {[%emt 0:00:04]} Rxh4+ {[%emt 0:00:02]} 37. Kg1 {[%emt 0:00:01]} Bxg3 {[%emt 0:00:02]} 38. Nxf7+ {[%emt 0:00:02]} Kd7 {[%emt 0:00:01]} 39. Ne5+ {[%emt 0:00:02]} Bxe5 {[%emt 0:00:02]} 40. Rxe5 {[%emt 0:00:02]} Kd6 {[%emt 0:00:01]} 41. Re3 {[%emt 0:00:02]} Rg4 {[%emt 0:00:01]} 42. Kf2 {[%emt 0:00:01]} Rd4 {[%emt 0:00:01]} 43. Rc3 {[%emt 0:00:03]} Rd2+ {[%emt 0:00:02]} 44. Kg1 {[%emt 0:00:04]} h4 {[%emt 0:00:01]} 45. b4 {[%emt 0:00:03]} Rb2 {[%emt 0:00:02]} 46. Rc4 {[%emt 0:00:06]} g5 {[%emt 0:00:02]} 47. Rc6+ {[%emt 0:00:01]} Ke5 {[%emt 0:00:01]} 48. d6 {[%emt 0:00:01]} Rxb4 {[%emt 0:00:02]} 49. Rc5+ {[%emt 0:00:01]} Kf6 {[%emt 0:00:02]} 50. Rc7 {[%emt 0:00:02]} Rd4 {[%emt 0:00:01]} 51. Rc6 {[%emt 0:00:00]} Ke5 {[%emt 0:00:02]} 52. Rc5+ {[%emt 0:00:02]} Kf4 {[%emt 0:00:02]} 53. Rd5 {[%emt 0:00:03]} Rxd5 {[%emt 0:00:01]} 54. Bxd5 {[%emt 0:00:00]} Ke5 {[%emt 0:00:02]} 55. Bf3 {[%emt 0:00:05]} Kxd6 {[%emt 0:00:01]} 56. Kg2 {[%emt 0:00:00]} Ke5 {[%emt 0:00:01]} 57. Kh2 {[%emt 0:00:02]} Kf4 {[%emt 0:00:01]} 58. Bc6 {[%emt 0:00:02]} g4 {[%emt 0:00:02]} 59. Bg2 {[%emt 0:00:02]} g3+ {[%emt 0:00:02]} 60. Kg1 {[%emt 0:00:01]} h3 {[%emt 0:00:01]} 61. Bf1 {[%emt 0:00:03]} Bg4 {[%emt 0:00:05]} 62. Kh1 {[%emt 0:00:02]} Bf3+ {[%emt 0:00:02]} 0-1